000 01758nam a2200253Ia 4500
008 260220t2005||||xx |||||||||||||| ||spa||
020 _a8428326436
040 _aPY-SlUNAC
_bspa
_erda
041 _aspa
082 _a631.41
_bP69c
100 _aPlaster, Edward J.
_eAutor
245 0 _aLa ciencia del suelo y su manejo /
_cpor Edward J. Plaster [Autor]
264 _aMadrid :
_bThomson,
_c℗2005.
300 _a1 volumen
520 _a"La ciencia del suelo y su manejo" de Edward J. Plaster es una obra fundamental que aborda los principios y prácticas esenciales relacionados con la ciencia del suelo, un componente vital del ecosistema terrestre. El autor explora la formación, clasificación y propiedades de los suelos, destacando su importancia en la agricultura, la conservación y el medio ambiente. A lo largo del texto, Plaster proporciona un análisis detallado de los procesos químicos, físicos y biológicos que influyen en la calidad del suelo y su capacidad para sostener la vida. Además, el libro examina las técnicas de manejo sostenible que pueden optimizar la productividad agrícola mientras se preserva la salud del suelo. A través de ejemplos prácticos y estudios de caso, se enfatiza la necesidad de un enfoque integrado que contemple tanto la ciencia como la aplicación en el campo. Esta obra es un recurso valioso para estudiantes, investigadores y profesionales interesados en la agronomía, la ecología y la gestión ambiental.
653 _aCiencias del suelo
653 _aConservación del medio ambiente
653 _aManejo de tierras
942 _b2026/02/17
_cBK
999 _c8620
_d8620